Statistics for Guess the Flag- Blue Edition

Click here to take the quiz!

General Stats

  • This quiz has been taken 34 times
  • The average score is 13 of 15

Answer Stats

Answer% Correct
Argentina
100%
Greece
100%
Ukraine
100%
Netherlands
94%
Romania
94%
Estonia
91%
Slovakia
91%
Somalia
91%
Honduras
88%
Cuba
84%
Barbados
78%
San Marino
78%
Guatemala
66%
Belize
63%
El Salvador
63%

Score Distribution

Percentile by Number Answered

Percent of People with Each Score

Your Score History

You have not taken this quiz